Vista normal
Vista MARC
Entrada Personal Name
Número de registros utilizados en: 1
001 - CONTROL NUMBER
- control field: 11013
003 - CONTROL NUMBER IDENTIFIER
- control field: OSt
005 - DATE AND TIME OF LATEST TRANSACTION
- control field: 20200930124611.0
008 - FIXED-LENGTH DATA ELEMENTS
- fixed length control field: 200930|| aca||aabn | a|a d
040 ## - CATALOGING SOURCE
- Original cataloging agency: OSt
- Transcribing agency: OSt
100 ## - HEADING--PERSONAL NAME
- Personal name: Gaitán, Jorge Eliécer,
- Dates associated with a name: 1898-1948
- General subdivision: crítica e interpretación
670 ## - SOURCE DATA FOUND
- Source citation: Work cat.: (OSt)6242: Gómez Aristizábal, Horacio, autor 619, Jorge Eliecer Gaitán y las conquistas sociales en Colombia / , 1991